000 00518nam a22001817a 4500
003 NUST - PNEC
005 20170116181041.0
008 150922b xxu||||| |||| 00| 0 eng d
020 _a8177588737
040 _cLIBRARY
082 _a621.382 WAN
100 _911612
_aWang, Xiaodong
245 _aWireless communication systems : advanced techniques for signal reception
_cXiaodong Wang
250 _aSecond Edition
260 _cc.2004
650 _911613
_aWireless communication systems
_xMIS
942 _2ddc
_cBK
999 _c68117
_d68117